Decentralization and devolution in Kenya : (Record no. 9553)

MARC details
000 -LEADER
fixed length control field 00756cam a22002292 4500
001 - CONTROL NUMBER
control field 0000021087
005 - DATE AND TIME OF LATEST TRANSACTION
control field 20151217152225.0
008 - FIXED-LENGTH DATA ELEMENTS--GENERAL INFORMATION
fixed length control field 120111s xx 000 0 eng d
020 ## - INTERNATIONAL STANDARD BOOK NUMBER
International Standard Book Number 9966846980 :
040 ## - CATALOGING SOURCE
Original cataloging agency KABU
Transcribing agency KABU
245 10 - TITLE STATEMENT
Title Decentralization and devolution in Kenya :
Remainder of title new approaches /
Statement of responsibility, etc. edited by Thomas N. Kibua, Germano Mwabu.
250 ## - EDITION STATEMENT
Edition statement 1sy ed.
260 ## - PUBLICATION, DISTRIBUTION, ETC. (IMPRINT)
Place of publication, distribution, etc. Nairobi :
Name of publisher, distributor, etc. U. N. P.,
Date of publication, distribution, etc. 2008.
300 ## - PHYSICAL DESCRIPTION
Extent xii, 366 p.
650 #0 - SUBJECT ADDED ENTRY--TOPICAL TERM
Topical term or geographic name as entry element Decentralization in government
Geographic subdivision Kenya.
-- 0000181771
650 #0 - SUBJECT ADDED ENTRY--TOPICAL TERM
Topical term or geographic name as entry element Local government
Geographic subdivision Kenya.
-- 0000153255
700 1# - ADDED ENTRY--PERSONAL NAME
Personal name Kibua, Thomas N.
-- 0000181772
700 1# - ADDED ENTRY--PERSONAL NAME
Personal name Mwabu, Germano.
-- 0000150371
852 1# - LOCATION
-- p2500 KES
908 ## - PUT COMMAND PARAMETER (RLIN)
Put command parameter 120111
950 ## - LOCAL HOLDINGS (RLIN)
-- 1
Holdings
Withdrawn status Lost status Source of classification or shelving scheme Not for loan Home library Current library Date acquired Total Checkouts Total Renewals Full call number Barcode Date last seen Date last checked out Price effective from Koha item type
    Library of Congress Classification   Kabarak, Main Campus Kabarak, Main Campus 17/12/2015 9 2 JQ2947 .A55D43 2008 c. 1 20176 12/05/2025 03/04/2025 17/12/2015 General Collection
Designed with assistance from East African Informatics Ltd